Word Ladder No.3 - Statistics

General Stats
  • This quiz has been taken 10 times
  • The average score is 10 of 20
Answer Stats
Hint Answer % Correct
Smallest of the litter RUNT
100%
Superman's girlfriend LANE
80%
Incessant talking RANT
80%
President Andrew Jackson fought off an attempted assassination with one of these CANE
70%
Type of waterfowl DUCK
70%
Author of Atlas Shrugged RAND
70%
Drummer Beatle RINGO
70%
Perry surname in Friends BING
60%
Geriatric pastime BINGO
60%
Rappers rap about dropping these BAND
50%
To rope together BIND
50%
Type of alarm at Planet Fitness LUNK
50%
Feline Beard MANE
50%
Practice location for golfers RANGE
50%
Depp lizard RANGO
40%
One in a series of many LINK
30%
HVAC distributor DUCT
20%
Famous Indianapolis Colt's QB LUCK
20%
Famous Counter-Strike map DUST
10%
Famous MW2 map RUST
10%
No matching quizzes found
Score Distribution
Percent of People with Each Score
Percentile by Number Answered
Your Score History
You have not taken this quiz